000 01274cac a2200349 i 4500
003 EG-GICUC
005 20260121101554.0
008 930617s1993 enk frb 001 0 eng d
020 _a0198258011
_qacid-free paper
020 _a9780198258018
_q(acid-free paper)
040 _aDLC
_cDLC
_dDLC
_dEG-GICUC
_beng
_erda
043 _ae-uk---
050 0 0 _aKD8362
_b.C46 1993
082 0 0 _a343.3.042
_221
092 0 4 _221
099 _aLaw 10 1993
100 1 _aChoo, Andrew L.-T.
245 1 0 _aAbuse of process and judicial stays of criminal proceedings /
_cAndrew L.-T. Choo.
264 _aOxford :
_bClarendon Press ;
_aNew York :
_bOxford University Press,
_c1993.
300 _axxxiii, 207 page ;
_c24 cm.
336 _atext
_btxt
_2rdacontent
337 _aunmediated
_bn
_2rdamedia
338 _avolume
_bnc
_2rdacarrier
440 0 _aOxford monographs on criminology, law, and justice
504 _aIncludes bibliographical references and index.
650 0 _aCriminal procedure
_zGreat Britain.
650 0 _aJudicial discretion
_zGreat Britain.
856 4 2 _uhttps://fll.law.cu.edu.eg/fulltext/bks/ENGB10-00128.pdf
856 4 2 _3Publisher description
_uhttp://www.loc.gov/catdir/enhancements/fy0605/93005501-d.html
905 _a10
942 _2ddc
_cBK
_e21
_n0
999 _c53407
_d53407